00982nam a2200229Ia 4500008004100000082001300041100001600054245004400070250000800114260002900122300001000151500002400161650001600185700001700201942000700218952010200225952010200327952010200429952010200531952010200633999001700735230524s9999 xx 000 0 und d a540bSIN aAnokh Singh 0aPrinciples of Communication Engineering a2ND aNEW DELHIbS.Chandc2004 aX;662 aQuantity Number: 5 aElectronics a A.K.Chhabra cBK 00104070aTATCLbTATCLcGENd2023-05-24l0o540 SINp5443r2023-05-24w2023-05-24yBKzCPEE5302 00104070aTATCLbTATCLcGENd2023-05-24l0o540 SINp5444r2023-05-24w2023-05-24yBKzCPEE5302 00104070aTATCLbTATCLcGENd2023-05-24l0o540 SINp5445r2023-05-24w2023-05-24yBKzCPEE5302 00104070aTATCLbTATCLcGENd2023-05-24l0o540 SINp5446r2023-05-24w2023-05-24yBKzCPEE5302 00104070aTATCLbTATCLcGENd2023-05-24l0o540 SINp5447r2023-05-24w2023-05-24yBKzCPEE5302 c20473d20473